000 00774cab a22002055a 4500
001 L146630
008 090210e20090130xxka f 000 0 eng d
035 _a(Sirsi) u146630
041 0 _aeng
100 1 _aUnger, Paul
245 0 0 _aRegional report
_bLancashire and Cumbria
260 _c2009
490 0 _aProperty Week
_v75(5) 30 January 2009, 91-99(6)
520 _aReviews news and deals from around the region. Reports on how a plan to regenerate Lancaster has run into opposition from conservation groups. Reveals how development at a Lancashire industrial estate has slowed down after a decade of strong growth.
590 _aKA
651 4 _aLancashire
651 4 _aCumbria
690 _aPROPERTY-COMMERCIAL PROPERTY-COMMERCIAL PROPERTY MARKET
942 _n0
999 _c81210
_d81210